000 00623nam a2200205Ia 4500
003 IN-BaIIA
008 211028s9999 xx 000 0 eng d
020 _a0-86311-333-8
040 _cIIA Library
080 _a530.12
_bVEN
100 _aVenkataraman, G.
_915892
245 0 _aAt the speed of light
_cG. Venkataraman
260 _aHyderabad
_bUniversities Press
_c1993
300 _aviii, 125p.
490 _aVignettes in physics
650 _aAstronomy and astrophysics thesaurus
650 _aGeneral theory of relativity
_93170
650 _aRelativity
942 _cBK
999 _c10979
_d10979